000 00923nam a2200289 4500
001 0000020726
003 CO-CtgCURN
005 20250509153810.0
007 ta
008 160627s2001 000 0 eng d
020 _a8447006328
040 _aCO-CtgCURN
_bspa
_ccoctgcurn
082 0 _a340.9
_bH37d
100 1 _aHesse, Konrad.
245 1 0 _aDerecho constitucional y derecho privado /
_cKonrad Hesse , traducción Ignacio Gutierrez Gutierrez.
260 _aMadrid :
_bCivitas,
_c2001.
300 _a88 p.
336 _2rdacontent
337 _2rdamedia
_asin mediacion
_bn
338 _2rdacarrier
_avolumen
_bnc
505 8 _aDerecho constitucional y derecho Privado
650 1 4 _aDerecho internacional privado.
700 1 _aGutierrez Gutierrez Ignacio,
_eTraductor.
908 _a160627
942 _cBK
_h340.9
_iH37d
_2ddc
_n0
999 _c18849
_d18849